Procés Participatiu en el Barato, Districte 3, Vilassar de Mar, 2002 : informe final / Eva Alfama... [et al.] informe final / Eva Alfama... [et al.]
Descripción Física:
[27] p. : taules ; 30 cm
Otros Autores:
Alfama, Eva
MARC
| LEADER | 00000nam a2200000Ia 4500 | ||
|---|---|---|---|
| 001 | 20622 | ||
| 008 | 160829s2002 xx 000 0 cat d | ||
| 080 | |a FU-16-36 | ||
| 245 | |a Procés Participatiu en el Barato, Districte 3, Vilassar de Mar, 2002 : |b informe final / Eva Alfama... [et al.] | ||
| 260 | |a Barcelona : |b [Universitat Autònoma de Barcelona], |c 2002 | ||
| 300 | |a [27] p. : |b taules ; |c 30 cm | ||
| 590 | |a Prové de G-226. | ||
| 590 | |a Grup de Pràctiques del Postgrau Participació i Desenvolupament Comunitari, curs 2001-2002 | ||
| 650 | |a Barris |x Vilassar de Mar |x Participació Ciutadana |9 43559 | ||
| 650 | |a Participació comunitària |x Vilassar de Mar |9 43560 | ||
| 700 | |a Alfama, Eva |9 59259 | ||
| 901 | |a Arxiu | ||
| 942 | |n 1 | ||
| 952 | |0 0 |1 0 |4 0 |6 FU1636 |7 1 |9 51509 |a Arxiu |b Arxiu |d 2016-12-01 |l 0 |o FU-16-36 |p 20622 |r 2016-12-01 00:00:00 |w 2016-12-01 |y ARXIU | ||
| 999 | |c 55353 |d 55353 | ||